Wer ist das? (1) - Statistiken

Allgemein
  • Dieses Quiz wurde 215 mal gespielt
  • Das Durchschnittsergebnis liegt bei 13 aus 25
Antwortstatistiken
Bildquiz Antwort % Korrekt
Otto Waalkes
97%
Helene Fischer
88%
Miroslav Klose
87%
Aladdin
83%
Daisy Duck
83%
Martin Luther King
83%
Kermit der Frosch
82%
Barbara Salesch
80%
Joey Kelly
80%
Wolfgang Amadeus Mozart
66%
Steven Gätjen
62%
Heike Makatsch
51%
Ashton Kutcher
48%
Ben Affleck
46%
Judith Rakers
43%
Wilson Gonzalez Ochsenknecht
41%
Kendrick Lamar
30%
Ava Max
24%
Jodie Foster
24%
Philipp Plein
19%
Franziska Giffey
18%
Erich Kästner
17%
Mieze Katz
13%
Ella Toone
3%
James Watt
1%
Keine übereinstimmenden Quizze gefunden
Verteilung der Resultate
Anzahl Personen mit jedem Resultat
Perzentil nach korrekt beantworteten Fragen
Ihre Resultats-Entwicklung
Sie haben dieses Quiz noch nicht gespielt